Postacie z Looney Tunes na podstawie zdjęć - Statystyki

Ogólne statystyki
  • Ten quiz został rozwiązany 102 razy
  • Średni wynik to 7 z 20
Statystyki odpowiedzi
Obrazkowy Odpowiedź % Poprawnych
Krolik Bugs
89%
Struś Pędziwiatr
86%
Diabeł Tasmański
76%
Kot Sylwester
68%
Kanarek Tweety
63%
Kaczor Daffy
57%
Speedy Gonzales
47%
Prosiak Porky
43%
Babcia
40%
Elmer Fudd
23%
Yosemite Sam
22%
Marsjanin Marvin
12%
Wiluś E. Kojot
10%
Kurak Leghorn
9%
Skunks Pepé Le Swąd
6%
Gossamer
1%
Marek Antoniusz
1%
Jastrząbek Henry
0%
Wiedźma Hazel
0%
Żaba Michigan
0%
Nie znaleziono quizów pasujących do podanych kryteriów
Rozkład punktacji
Procent ludzi z każdym wynikiem
Percentyl według liczby udzielonych odpowiedzi
Twoja historia wyników
Nie rozwiązałeś tego quizu